Statistics for Hrvatska Kviz

Click here to take the quiz!

General Stats

  • This quiz has been taken 46 times
    (6 since last reset)
  • The average score is 11 of 15

Answer Stats

Pitanje Odgovor % Correct
GlavniZagreb
100%
Drugi najveći gradSplit
100%
Zemlja koja graniči ...Bosna i Hercegovina
100%
Zemlja koja graniči ...Crna Gora
100%
Zemlja koja graniči ...Srbija
100%
Postao je neovisan od ove zemljeJugoslavija
100%
Stari grad izgrađen na Jadranskom moruDubrovnik
100%
Dio je te indoeuropske skupineSloven
100%
Zemlja koja graniči ...Mađarska
80%
Zemlja koja graniči ...Slovenija
80%
Na poluotoku u kojem se nalaziBalkan
80%
Trenutni predsjednik:Zoran Milanović
40%
Glavna religijarimokatolički
20%
Službeni jezik:Srpsko-hrvatski
20%
Datum neovisnosti:25. lipnja 1991
0%

Score Distribution

Percentile by Number Answered

Percent of People with Each Score

Your Score History

You have not taken this quiz since the last reset